[Event "amistoso"]
[Site "http://www.queenalice.com/game.php?id=480533"]
[Date "2008.10.21"]
[Round "-"]
[White "CleitonNog"]
[Black "GMBenoliel"]
[Result "0-1"]
[WhiteElo "1246"]
[BlackElo "1902"]

1. d4 d5 2. c4 c6 3. Nf3 Nf6 4. e3 Bg4 5. Nbd2 e6 6. Bd3 c5 7. O-O Bd6 8. b3 O-O
9. Bb2 Nc6 10. dxc5 Bxc5 11. Qc2 Nb4 12. Qb1 Nxd3 13. Qxd3 Bf5 14. Qc3 Qd6 15.
Qe5 Rfd8 16. Bd4 Qxe5 17. Nxe5 Bxd4 18. exd4 dxc4 19. Ndxc4 Rxd4 20. Rfd1 Rad8
0-1

[Event "Challenge"]
[Site "http://www.queenalice.com/game.php?id=480829"]
[Date "2008.10.21"]
[Round "-"]
[White "GMBenoliel"]
[Black "CleitonNog"]
[Result "1-0"]
[WhiteElo "1900"]
[BlackElo "1246"]

1. d4 Nf6 2. c4 g6 3. Nc3 d5 4. Bf4 a6 5. Nf3 Bg7 6. e3 O-O 7. Bd3 dxc4 8. Bxc4
Be6 9. Bxe6 fxe6 10. Qb3 Nd5 11. Qxb7 Nxf4 12. exf4 Nd7 13. Qe4 Nf6 14. Qxe6+
Kh8 15. O-O Qd6 16. Qxd6 cxd6 17. Rfe1 Rf7 18. Ng5 1-0

[Event "Desafio  Sesc  "]
[Site "http://www.queenalice.com/game.php?id=487648"]
[Date "2008.11.4"]
[Round "-"]
[White "Aleksander"]
[Black "GMBenoliel"]
[Result "1-0"]
[WhiteElo "2325"]
[BlackElo "2004"]

1. e4 e5 2. Nf3 Nf6 3. Nxe5 d6 4. Nf3 Nxe4 5. Nc3 Nxc3 6. dxc3 Be7 7. Be3 O-O 8.
Qd2 Nc6 9. O-O-O Be6 10. Kb1 Ne5 11. Be2 Nc4 12. Bxc4 Bxc4 13. h4 Re8 14. g4 Be6
15. Rdg1 Qd7 16. g5 c5 17. h5 Qc6 18. Ne1 Qd5 19. Qxd5 Bxd5 20. Rh3 Be6 21. Rhg3
f6 22. g6 h6 23. Nd3 f5 24. Nf4 Bc4 25. b3 Ba6 26. Nd5 Bh4 27. Rh3 Bd8 28. c4 b5
29. cxb5 Bxb5 30. c4 Bc6 31. Rd1 Rb8 32. Nc3 Re6 33. Nd5 a5 34. Rf3 a4 35. Kc2
Re5 36. Bf4 axb3+ 37. axb3 Re2+ 38. Rd2 Re6 39. Re3 Rxe3 40. fxe3 Ra8 41. Bxd6
Ra2+ 42. Kd3 Ra3 43. Ne7+ Bxe7 44. Bxe7 Rxb3+ 45. Ke2 Rb8 46. Bxc5 Ra8 47. Kf2
Be4 48. Kg3 Rc8 49. Bb6 Kf8 50. c5 Ke8 51. Kf4 Ra8 52. Ke5 Ke7 53. c6 Bxc6 54.
Kxf5 Bf3 55. Rh2 Kd6 56. Kf4 Bd5 57. Bd4 Rf8+ 58. Kg3 Rg8 59. Rc2 Kd7 60. Rc5
Kd6 61. Ra5 Bc6 62. Ra6 Kc7 63. Ra5 Kd6 64. Rf5 Bd5 65. Rf1 Kd7 66. Ra1 Bb7 67.
Ra7 Kc6 68. e4 Kc7 69. Kf4 Kc6 70. Ra5 Bc8 71. Ra8 Kc7 72. Be5+ Kd8 73. Ke3 Kd7
74. Ra7+ Kc6 75. Rc7+ Kb6 76. Rxc8 Rxc8 77. Bxg7 Rc6 78. Bxh6 Rc1 79. Bf8 Re1+
80. Kd2 Rxe4 81. g7 Rg4 82. h6 Rg2+ 83. Ke3 Rg3+ 84. Kf4 Rg1 85. h7 Rf1+ 86. Kg3
Rg1+ 87. Kh2 Rb1 88. g8=Q 1-0

[Event "Challenge"]
[Site "http://www.queenalice.com/game.php?id=487650"]
[Date "2008.11.4"]
[Round "-"]
[White "GMBenoliel"]
[Black "Aleksander"]
[Result "0-1"]
[WhiteElo "1988"]
[BlackElo "2248"]

1. d4 d5 2. c4 c6 3. Nc3 Nf6 4. e3 e6 5. Nf3 Bd6 6. Bd3 Nbd7 7. O-O O-O 8. b3 e5
9. cxd5 cxd5 10. Nb5 Bb8 11. dxe5 Nxe5 12. Ba3 Re8 13. Nxe5 Bxe5 14. Rc1 a6 15.
Nd4 Ng4 16. h3 Nf6 17. Nf3 Bb8 18. Qc2 Ne4 19. Nd2 Qa5 20. Rfd1 Qxa3 21. Bxe4
dxe4 22. Nxe4 Qe7 23. Rd5 Be6 24. Ng5 g6 25. Nxe6 Qxe6 26. Qd3 Be5 27. Rcc5 Bg7
28. Rd6 Qe7 29. Rdd5 Rad8 30. Qc4 Rxd5 31. Rxd5 Rd8 32. Rxd8+ Qxd8 33. Qe4 b6
34. a4 Qd1+ 35. Kh2 Qxb3 36. Qa8+ Bf8 37. Qxa6 Bd6+ 38. f4 Qxe3 39. Qc8+ Kg7 40.
Kh1 Qe1+ 41. Kh2 Bxf4+ 42. g3 Bxg3+ 43. Kg2 Qf2+ 0-1

[Event "AUTO-MASTER-664"]
[Site "http://www.queenalice.com/game.php?id=493822"]
[Date "2008.11.15"]
[Round "1"]
[White "GMBenoliel"]
[Black "SirKnight"]
[Result "1-0"]
[WhiteElo "1965"]
[BlackElo "2136"]

1. d4 Nf6 2. c4 e6 3. Nc3 Bb4 4. e3 b6 5. Bd3 Bb7 6. Nf3 Ne4 7. O-O Nxc3 8. bxc3
Bxc3 9. Rb1 O-O 10. Ba3 Re8 11. Rb3 Ba5 12. h4 d6 13. d5 exd5 14. cxd5 Nd7 15.
Qc2 Bxd5 16. Bxh7+ Kh8 17. Ng5 f6 18. Rb5 c6 19. Rxd5 fxg5 20. Rxg5 Re5 21. Bf5
Nf6 22. Qxc6 1-0

[Event "AUTO-MASTER-664"]
[Site "http://www.queenalice.com/game.php?id=493823"]
[Date "2008.11.15"]
[Round "1"]
[White "SirKnight"]
[Black "GMBenoliel"]
[Result "0-1"]
[WhiteElo "2159"]
[BlackElo "1932"]

1. e4 e5 2. Nf3 Nc6 3. Bc4 Nf6 4. Ng5 d5 5. exd5 Na5 6. Bb5+ c6 7. dxc6 bxc6 8.
Be2 h6 9. Nf3 e4 10. Ne5 Bd6 11. d4 exd3 12. Nxd3 O-O 13. Bf4 Nc4 14. b3 Bxf4
15. Nxf4 Qa5+ 16. c3 Rd8 17. Qc1 Ne5 18. O-O g5 19. b4 Qc7 20. Nh5 Nxh5 21. Bxh5
Bg4 22. Bxg4 Nxg4 23. g3 Ne5 24. Nd2 Rxd2 25. f4 Qb6+ 26. Kh1 Qe3 27. fxe5 Qe4+
0-1

[Event "AUTO-MASTER-664"]
[Site "http://www.queenalice.com/game.php?id=493824"]
[Date "2008.11.15"]
[Round "1"]
[White "GMBenoliel"]
[Black "Tibe2003"]
[Result "0-1"]
[WhiteElo "1957"]
[BlackElo "2147"]

1. d4 Nf6 2. c4 e6 3. Nc3 d5 4. Nf3 Be7 5. Bg5 Nbd7 6. e3 O-O 7. Qc2 c6 8. Bd3
b6 9. O-O dxc4 10. Bxc4 Bb7 11. e4 c5 12. Rfd1 cxd4 13. Rxd4 Qc8 14. Rad1 Bc5
15. R4d2 Bxf2+ 16. Kxf2 Qxc4 17. Rxd7 Qc5+ 18. Be3 Ng4+ 19. Kg3 Nxe3 20. Qd3
Nxd1 21. Qxd1 Bc6 22. Rd6 Bb7 23. Rd7 Ba6 24. e5 Qc8 25. Qa4 Qe8 26. Ng5 Bc8 27.
Qe4 g6 28. Rxf7 Rxf7 29. Nxf7 Bd7 30. Nd6 Qd8 31. h4 Rb8 32. Qc4 b5 33. Qf4 Qf8
34. Qd4 Qg7 35. Nde4 Kh8 36. Nc5 g5 37. Kh2 gxh4 38. Nxd7 Rd8 39. Qxa7 Qg3+ 40.
Kg1 h3 41. Qb7 Rg8 42. Qe4 hxg2 43. Ne2 Qe1+ 0-1

[Event "AUTO-MASTER-664"]
[Site "http://www.queenalice.com/game.php?id=493825"]
[Date "2008.11.15"]
[Round "1"]
[White "Tibe2003"]
[Black "GMBenoliel"]
[Result "0-1"]
[WhiteElo "2097"]
[BlackElo "1904"]

1. d4 d5 2. c4 c6 3. Nf3 Nf6 4. Nc3 a6 5. e3 e6 6. Bd3 Nbd7 7. O-O dxc4 8. Bxc4
Bd6 9. e4 Nb6 10. Bd3 Be7 11. Bg5 O-O 12. Rc1 Qc7 13. Bb1 h6 14. Bxf6 Bxf6 15.
Qd3 g6 16. e5 Be7 17. Ne4 Nd5 18. Nfd2 Bd7 19. Qh3 h5 20. Nc4 b5 21. Ncd6 f5 22.
Qg3 Kh7 23. Nc5 h4 24. Qf3 Bxd6 25. exd6 Qxd6 26. Rfe1 Ra7 27. Re5 Nf6 28. Qf4
Ng4 29. Ne4 Qc7 30. Ng5+ Kg8 31. Nf3 Nxe5 32. Nxe5 Be8 33. Qxh4 Qe7 34. Qh6 Qd6
35. Rc3 Qxd4 36. Nd3 Rh7 37. Qc1 e5 38. a3 a5 39. h3 Rf6 40. Nc5 e4 41. Ba2+ Bf7
42. Bxf7+ Rhxf7 43. Nb3 Qd8 44. Rg3 Rd7 45. Qh6 Rd1+ 46. Kh2 Qd6 47. Nxa5 f4 48.
Rc3 f3+ 49. g3 Rf1 50. Qe3 Qd1 51. g4 Qd6+ 0-1

[Event "AUTO-MASTER-664"]
[Site "http://www.queenalice.com/game.php?id=493826"]
[Date "2008.11.15"]
[Round "1"]
[White "GMBenoliel"]
[Black "mandaragit"]
[Result "1-0"]
[WhiteElo "2030"]
[BlackElo "2186"]

1. d4 Nf6 2. c4 c5 3. Nf3 e6 4. e3 d5 5. Nc3 Nc6 6. a3 Ne4 7. cxd5 Nxc3 8. bxc3
exd5 9. Bb5 cxd4 10. exd4 Bd6 11. Qe2+ Qe7 12. Ne5 Bxe5 13. Qxe5 Qxe5+ 14. dxe5
O-O 15. Bf4 Be6 16. O-O Rac8 17. Rfe1 Na5 18. Re3 Rc5 19. Rb1 Rfc8 20. a4 Rxc3
21. Rxc3 Rxc3 22. Rb4 Rb3 23. Bd2 Rxb4 24. Bxb4 Nc4 25. Bxc4 dxc4 26. Kf1 g5 27.
Ke2 Kg7 28. Ke3 b6 29. a5 f5 30. Kd4 Kf7 31. axb6 axb6 32. g3 Ke8 33. h4 gxh4
34. gxh4 Kd7 35. f4 Kc6 36. Ba3 Kb5 37. Bd6 Kc6 38. Ba3 Kd7 39. Bb4 Ke8 40. Bd6
Kf7 41. h5 Kg7 42. Ba3 Kh6 43. Bb4 Kxh5 44. Be7 Kg4 45. Ke3 h5 46. Bb4 h4 47.
Be1 h3 48. Kf2 Kxf4 49. Bd2+ Kxe5 50. Kg3 Ke4 51. Kxh3 1-0

[Event "AUTO-MASTER-664"]
[Site "http://www.queenalice.com/game.php?id=493827"]
[Date "2008.11.15"]
[Round "1"]
[White "mandaragit"]
[Black "GMBenoliel"]
[Result "0-1"]
[WhiteElo "2222"]
[BlackElo "2005"]

1. e4 e5 2. Nf3 Nf6 3. d3 Nc6 4. c3 Bc5 5. b4 Bd6 6. a3 O-O 7. Be2 b6 8. O-O a5
9. Bb2 axb4 10. axb4 Rxa1 11. Bxa1 Bb7 12. Nbd2 Qe7 13. Re1 b5 14. Bb2 Ra8 15.
Qb3 h6 16. Nf1 Qe6 17. Qxe6 dxe6 18. Ra1 Rxa1 19. Bxa1 g5 20. h3 Nh5 21. g3 Nf6
22. Bb2 Kg7 23. Bc1 Ne7 24. Be3 g4 25. N3d2 h5 26. hxg4 Nxg4 27. Nb3 f5 28. Bxg4
hxg4 29. Nfd2 f4 30. Bc5 Kf6 31. Kh2 Bc6 32. Bxd6 cxd6 33. c4 bxc4 34. dxc4 d5
35. Nc5 Be8 36. Kg1 dxc4 37. Nxc4 Bc6 38. Nd6 Ng6 39. b5 Ke7 40. Nc8+ Kd8 41.
bxc6 Kxc8 42. Nxe6 fxg3 43. fxg3 Ne7 44. Ng7 Nxc6 45. Nh5 Kd7 46. Nf6+ Kc8 47.
Nxg4 Kd7 48. Kf2 Ke6 49. Ne3 Nd4 50. Nd5 Kd7 0-1

[Event "AUTO-INT-867"]
[Site "http://www.queenalice.com/game.php?id=512544"]
[Date "2008.12.25"]
[Round "2"]
[White "GMBenoliel"]
[Black "carpe_diem"]
[Result "1-0"]
[WhiteElo "1987"]
[BlackElo "1809"]

1. e4 c5 2. Nf3 d6 3. Bc4 Nc6 4. Nc3 a6 5. O-O Nf6 6. h3 e6 7. d3 b5 8. Bb3 h6
9. Be3 Be7 10. a3 O-O 11. Qd2 Bd7 12. Bf4 Nh5 13. Rfe1 Nxf4 14. Qxf4 Bf6 15. Qd2
Qc7 16. Qf4 e5 17. Qg3 Rfe8 18. Bd5 Rab8 19. Re3 a5 20. Rd1 Qb6 21. Ba2 Ra8 22.
Nd5 Qd8 23. Nxf6+ Qxf6 24. Bd5 Rab8 25. Nd2 Nd4 26. Nb3 Nxc2 27. Rf3 1-0

[Event "AUTO-INT-867"]
[Site "http://www.queenalice.com/game.php?id=512545"]
[Date "2008.12.25"]
[Round "2"]
[White "carpe_diem"]
[Black "GMBenoliel"]
[Result "0-1"]
[WhiteElo "1800"]
[BlackElo "1996"]

1. d4 d5 2. c4 c6 3. Nf3 Nf6 4. Nc3 Bf5 5. cxd5 cxd5 6. Bg5 e6 7. e3 Be7 8. Qb3
Qc8 9. Rc1 O-O 10. Be2 Nc6 11. O-O a6 12. a3 Qc7 13. Qd1 Rac8 14. h3 h6 15. Bxf6
Bxf6 16. Re1 Qb6 17. Qd2 Rfe8 18. Nh2 Qxb2 19. Qxb2 b5 20. Bg4 Bg6 0-1

[Event "Confronto de Gerações"]
[Site "http://www.queenalice.com/game.php?id=518486"]
[Date "2009.1.7"]
[Round "-"]
[White "GMBenoliel"]
[Black "westchessdf"]
[Result "1-0"]
[WhiteElo "2001"]
[BlackElo "1703"]

1. d4 Nf6 2. c4 g6 3. Nc3 Bg7 4. Nf3 e6 5. e4 d6 6. Bd3 O-O 7. O-O c6 8. Bf4
Nbd7 9. Bxd6 Re8 10. e5 Nh5 11. Qd2 f6 12. g4 fxe5 13. gxh5 exd4 14. Ne2 e5 15.
c5 e4 16. Bc4+ Kh8 17. Ng5 Qf6 18. Nf7+ Kg8 19. Nxd4 Ne5 20. Nxe5+ Kh8 21. Nf7+
Kg8 22. Rfe1 Qxd4 23. Ne5+ 1-0

[Event "Confronto de Gerações "]
[Site "http://www.queenalice.com/game.php?id=518487"]
[Date "2009.1.7"]
[Round "-"]
[White "westchessdf"]
[Black "GMBenoliel"]
[Result "0-1"]
[WhiteElo "1707"]
[BlackElo "1982"]

1. e4 e5 2. Nf3 Nc6 3. Nc3 Nf6 4. d3 d5 5. exd5 Nxd5 6. Bd2 Be7 7. g3 Bg4 8. Be2
O-O 9. O-O f5 10. Nxd5 Qxd5 11. Be3 f4 12. gxf4 exf4 13. Bd2 Rae8 14. b3 Bf6 15.
d4 Rxe2 16. Qxe2 Nxd4 17. Qd3 Nxf3+ 0-1

[Event "AUTO-MASTER-664"]
[Site "http://www.queenalice.com/game.php?id=556694"]
[Date "2009.3.16"]
[Round "2"]
[White "danthebugman"]
[Black "GMBenoliel"]
[Result "1-0"]
[WhiteElo "2362"]
[BlackElo "2115"]

1. e4 e5 2. f4 d6 3. Nf3 exf4 4. d4 g5 5. h4 g4 6. Ng1 Qf6 7. Nc3 Ne7 8. Nge2 f3
9. Nf4 Bh6 10. Nfd5 Qg7 11. Nxc7+ Kd8 12. Nxa8 Nbc6 13. Bxh6 Qxh6 14. gxf3 Qe3+
15. Qe2 Qf4 16. Qd2 Qxf3 17. Bg2 Qg3+ 18. Qf2 Qxf2+ 19. Kxf2 Nxd4 20. Rad1 Nec6
21. Nd5 Nxc2 22. Rd2 N2b4 23. Nac7 Nxd5 24. Nxd5 Be6 25. Kg3 Kd7 26. Rhd1 Ne5
27. Ne3 Bxa2 28. Kf4 Ng6+ 29. Kxg4 Be6+ 30. Nf5 Ne5+ 31. Kf4 Ng6+ 32. Ke3 Ne5
33. Rxd6+ Kc7 34. Rc1+ Nc4+ 35. Kf4 Bxf5 36. e5 Be6 37. b3 Rg8 38. Bf3 Rg1 39.
Rxg1 Nxd6 40. exd6+ Kxd6 41. Bxb7 a5 42. Ra1 Kc5 43. Be4 f5 44. Bxf5 Bxb3 45.
Rxa5+ Kb4 46. Ra7 h5 47. Kg5 Kc5 48. Kxh5 Kb6 49. Rg7 Bd1+ 50. Kg5 Kc5 51. h5
Bxh5 52. Kxh5 1-0

[Event "AUTO-MASTER-664"]
[Site "http://www.queenalice.com/game.php?id=556695"]
[Date "2009.3.16"]
[Round "2"]
[White "GMBenoliel"]
[Black "danthebugman"]
[Result "1-0"]
[WhiteElo "2092"]
[BlackElo "2395"]

1. e4 e5 2. Nf3 f5 3. Nxe5 Qf6 4. Nc4 fxe4 5. Nc3 Qf7 6. Ne3 c6 7. Nxe4 d5 8.
Ng5 Qf6 9. Nf3 Bd6 10. d4 Ne7 11. Bd3 O-O 12. O-O Ng6 13. c4 Nf4 14. cxd5 cxd5
15. Qb3 Be6 16. Qxb7 Nd7 17. Qa6 Nb6 18. Ne5 Bxe5 19. dxe5 Qxe5 20. Nc2 Nxd3 21.
Qxd3 Bf5 22. Qd4 Qe2 23. Ne3 Rae8 24. f3 Bd3 25. Rd1 Bb5 26. Bd2 Qd3 27. Qxd3
Bxd3 28. Bc1 1-0

[Event "AUTO-MASTER-664"]
[Site "http://www.queenalice.com/game.php?id=556696"]
[Date "2009.3.16"]
[Round "2"]
[White "enzoiazo"]
[Black "GMBenoliel"]
[Result "0-1"]
[WhiteElo "2345"]
[BlackElo "2065"]

1. d4 d5 2. Nf3 Nf6 3. Bf4 Nh5 4. Be5 Nc6 5. e3 f6 6. Bg3 Nxg3 7. hxg3 e5 8.
dxe5 fxe5 9. Bb5 Bg4 10. Rh4 h5 11. Qd2 Be7 12. Rh1 Qd6 13. c4 d4 14. Bxc6+ Qxc6
15. exd4 exd4 16. Qd3 Rh6 17. Nbd2 Re6+ 18. Kf1 O-O-O 19. Nb3 Qa6 20. Kg1 c5 21.
Kh2 Rf8 22. Rhe1 h4 23. gxh4 Bxf3 24. gxf3 Qd6+ 25. Kg2 Rg6+ 0-1

[Event "AUTO-MASTER-664"]
[Site "http://www.queenalice.com/game.php?id=556697"]
[Date "2009.3.16"]
[Round "2"]
[White "GMBenoliel"]
[Black "enzoiazo"]
[Result "1/2-1/2"]
[WhiteElo "2052"]
[BlackElo "2370"]

1. e4 Nf6 2. e5 Nd5 3. c4 Nb6 4. Nc3 d6 5. Qh5 g6 6. Qg5 Bg7 7. Nf3 O-O 8. exd6
cxd6 9. Be2 Nc6 10. O-O Bf5 11. b3 Nb4 12. Bb2 e5 13. Qxd8 Raxd8 14. Nb5 Bd3 15.
Rfe1 Bxe2 16. Rxe2 e4 17. Bxg7 Kxg7 18. Rxe4 d5 19. Re7 dxc4 20. Rxb7 Rb8 21.
Rxa7 Nc8 22. Ra5 Nc6 23. Ra6 Nb4 24. Ra5 Nc6 25. Ra6 Nb4 26. Ra5 1/2-1/2

[Event "Challenge"]
[Site "http://www.queenalice.com/game.php?id=590339"]
[Date "2009.5.18"]
[Round "-"]
[White "Bergman"]
[Black "GMBenoliel"]
[Result "1-0"]
[WhiteElo "2630"]
[BlackElo "2110"]

1. e4 e5 2. Nf3 Nc6 3. Bb5 Nf6 4. O-O Bc5 5. Nxe5 Nxe5 6. d4 a6 7. Be2 Nxe4 8.
dxc5 O-O 9. Qd5 Nf6 10. Qxe5 Re8 11. Qd4 Rxe2 12. Nc3 Re6 13. Bg5 d6 14. Rad1
1-0